000 00852nam a2200253Ia 4500
003 OSt
005 20221005113120.0
006 a|||||r|||| 00| 0
007 ta
008 221004b |||||||| |||| 00| 0 pan d
020 _c160
024 _a95610
037 _b215, 31/12/2008, H.K. Prakashan
_cTextual
040 _aCRL
_cCRL
_bpan
041 _2pan
_apan
082 _aO153,1:g, P2
100 _aਹੁੰਦਲ, ਹਰਭਜਨ ਸਿੰਘ
245 0 _aਮੇਰੇ ਸਮਕਾਲੀ ਕਵੀ
260 _aਦਿੱਲੀ
_bਮਨਪ੍ਰੀਤ ਪ੍ਰਕਾਨ ਭਾਰਤ
_c2002
300 _a160ਪੰ
_ccm.
650 _aਪੰਜਾਬੀ ਸਾਹਿਤ
942 _hO153,1:g, P2
_cTEXL
_2cc
999 _c1027100
_d1027100